000
00161 a2200085 4500
041
_a
spa
100
_a
Vulliamy, Clara
245
_a
Baby bug en EspaoÌšl
942
_c
BK
999
_c
7948
_d
7948